Post-harvest management of horticultural crops (Record no. 240)
[ view plain ]
| 000 -LEADER | |
|---|---|
| fixed length control field | 00553nam a2200145 4500 |
| 020 ## - INTERNATIONAL STANDARD BOOK NUMBER | |
| ISBN | 9788183210676 |
| 050 ## - CALL NUMBER | |
| Classification number | SB318 |
| Item number | .P67 POS |
| 100 ## - AUTHOR | |
| Personal name | Mir, M A |
| 245 ## - TITLE | |
| Title | Post-harvest management of horticultural crops |
| Statement of responsibility, etc | edited by M.A. Mir [and others]. |
| 260 ## - PUBLICATION INFORMATION | |
| Place of publication | Udaipur : |
| Name of publisher | Agrotech Pub. Scademy, |
| Year of publication | ©2007 |
| 300 ## - DESCRIPTION | |
| Number of Pages | 360 pages : |
| Other physical details | illustrations ; |
| Dimensions | 22 cm |
| 500 ## - NOTES | |
| General note | INCLUDES BIBLIOGRAPHIC REFERENCE AND INDEX |
| 650 ## - SUBJECTS | |
| Topical Term | Horticultural products -- India -- Post-harvest technology. |
| General subdivision | Crops -- India -- Post-harvest technology. |
| 942 ## - ADDED ENTRY ELEMENTS (KOHA) | |
| Koha item type | Books |
| Withdrawn status | Lost status | Home library | Current library | Date acquired | Full call number | Accession Number | Koha item type |
|---|---|---|---|---|---|---|---|
| Methodist University Library Wenchi Faculty | Methodist University Library Wenchi Faculty | 17/10/2017 | SB318 .P67 POS | 31214 | Books |